000
00306nam a22001337a 4500
008
181224b xxu||||| |||| 00| 0 eng d
020
_a
0131292544
041
_a
eng
080
_2
3rd
_a
540
100
_a
12
101
_a
KIM
245
_a
Chemistry Experimental Foundations
_c
Parry,R.W
942
_2
udc
_c
BK
999
_c
53704
_d
53704